[Event "Surrey Open"]
[Site "Sutton"]
[Date "1980.04.06"]
[Round "5"]
[White "Thurlow, Kevin J"]
[Black "Taylor, Peter Picton"]
[Result "0-1"]
[WhiteElo "2000"]
[BlackElo "2015"]
[PlyCount "82"]
[EventDate "1980.04.04"]
[EventType "swiss"]
[EventRounds "7"]
[EventCountry "ENG"]
[SourceTitle "Thurlow, Kevin"]

1. e4 c5 2. Nf3 d6 3. d4 cxd4 4. Nxd4 Nf6 5. Nc3 a6 6. Bg5 Nbd7 7. f4 Qb6 8. Nb3 h6 9. Bh4 Qe3+ 10. Qe2 Qxf4 11. Bg3 Qg5 12. Rd1 Ne5 13. Qf2 Neg4 14. Qf3 Qe3+ 15. Be2 Qxf3 16. gxf3 Ne5 17. f4 Nc6 18. e5 Nd7 19. Nd5 Kd8 20. exd6 exd6 21. Bh4+ f6 22. f5 Ne7 23. Ne3 Kc7 24. Rd3 Ne5 25. Rc3+ Kb8 26. Nd4 Bd7 27. O-O Rg8 28. Kf2 Ka7 29. Rg1 Rc8 30. Rxc8 Bxc8 31. Bc4 Nxc4 32. Nxc4 Nxf5 33. Nxf5 Bxf5 34. Bxf6 Bxc2 35. Bd4+ Kb8 36. Re1 Ba4 37. Bb6 d5 38. Ne3 Be7 39. Rg1 Bc6 40. Rg6 Bf6 41. b3 Rf8 {Source: Kevin J Thurlow} 0-1

[Event "Surrey Open"]
[Site "Sutton"]
[Date "1980.04.06"]
[Round "6"]
[White "Thomson, Alexander Aird"]
[Black "Thurlow, Kevin J"]
[Result "0-1"]
[WhiteElo "1825"]
[BlackElo "2000"]
[PlyCount "44"]
[EventDate "1980.04.04"]
[EventType "swiss"]
[EventRounds "7"]
[EventCountry "ENG"]
[SourceTitle "Thurlow, Kevin"]

1. e4 c5 2. Nf3 e6 3. d4 cxd4 4. Nxd4 Bc5 5. Nb3 Bb6 6. Nc3 Ne7 7. Be2 O-O 8. O-O f5 9. Bg5 Nbc6 10. Qd6 Bc7 11. Qd2 a6 12. g3 Qe8 13. Rad1 Qg6 14. Bd3 f4 15. Bxe7 Nxe7 16. e5 Qh5 17. Ne2 Bxe5 18. f3 fxg3 19. Nxg3 Bxg3 20. hxg3 Rxf3 21. Rxf3 Qxf3 22. Qh2 Qxd1+ {Source: Kevin J Thurlow} 0-1

[Event "Surrey Open"]
[Site "Sutton"]
[Date "1980.04.07"]
[Round "7"]
[White "Thurlow, Kevin J"]
[Black "Hutchinson, G"]
[Result "0-1"]
[WhiteElo "2000"]
[BlackElo "1800"]
[PlyCount "78"]
[EventDate "1980.04.04"]
[EventType "swiss"]
[EventRounds "7"]
[EventCountry "ENG"]
[SourceTitle "Thurlow, Kevin"]

1. e4 Nc6 2. Nf3 d5 3. exd5 Qxd5 4. Nc3 Qa5 5. Be2 Bg4 6. d3 O-O-O 7. Bd2 e6 8. a3 Nf6 9. Ne4 Qd5 10. Neg5 Qd7 11. Bc3 Nd5 12. Qd2 h6 13. Ne4 f5 14. Ng3 Bd6 15. h3 Bxf3 16. Bxf3 Nxc3 17. Qxc3 Be5 18. Qb3 Bxg3 19. fxg3 Qd6 20. O-O-O Rhe8 21. Rhe1 e5 22. Qb5 a6 23. Qb3 Qc5 24. Bxc6 Qxc6 25. Qf7 Qd7 26. Qg6 Re7 27. Rf1 Rf8 28. g4 Rf6 29. Qh5 f4 30. g5 Rf5 31. h4 hxg5 32. hxg5 Ref7 33. Qg4 Qe7 34. g6 Rf8 35. Rde1 Qg5 36. Qh3 f3+ 37. Kd1 Qxg2 38. Qxg2 fxg2 39. Rg1 Rf2 {Source: Kevin J Thurlow} 0-1